000 00683nam a22002417a 4500
003 UA-OsUOA
001 41922
007 ta
008 20061017b un ||||| |||| 00| 0 ukr d
100 _aКоляда М. Г.
090 _a004 (075.8)
_bК 60
942 _cBK
040 _aUA-OsUOA
_brus
_cUA-OsUOA
_dUA-OsUOA
245 _aОкно в удивительный мир економики
300 _a448 с.
955 _a2
041 _arus
080 _a004 (075.8)
020 _a966-7104-40-0
260 _aДніпропетровськ
_bСталкер
_c1999
650 7 _a00 Загальні питання науки і культури
_2UDC
999 _c328054
_d328054